Matematický model analýzy obchodných výkyvov

Analýza obchodných výkyvov (business fluctuations) pomocou matematického modelu s aplikáciou diferenciálnych rovníc. Bayesovské rozhodovanie a odhady. Model analýzy obchodných výkyvov.

Na minha lista:
Detalhes bibliográficos
Autor principal: Peller, František
Outros Autores: Terek, Milan
Formato: Capítulo de Livro
Idioma:eslovaco
Assuntos:
Tags: Adicionar Tag
Sem tags, seja o primeiro a adicionar uma tag!

MARC

LEADER 00000naa a2200000 4500
001 r038713
005 20230918080412.0
041 0 |a slo 
044 |a SK 
245 1 0 |a Matematický model analýzy obchodných výkyvov  |c František Peller, Milan Terek 
520 |a Analýza obchodných výkyvov (business fluctuations) pomocou matematického modelu s aplikáciou diferenciálnych rovníc. Bayesovské rozhodovanie a odhady. Model analýzy obchodných výkyvov. 
610 2 0 |a modely ekonomicko-matematické 
610 2 0 |a dopyt 
610 2 0 |a objem výroby 
610 2 0 |a komodity 
100 1 |a Peller, František 
700 1 |a Terek, Milan